LEADER 01300nam0-22004331i-450 001 990003757990403321 005 20241021140851.0 035 $a000375799 035 $aFED01000375799 035 $a(Aleph)000375799FED01 035 $a000375799 100 $a20030910d1971----km-y0itay50------ba 101 1 $aita$cfre 102 $aIT 105 $ay-------001yy 200 1 $a<>mentalità primitiva$fLucien Lévy-Bruhl$gcon un saggio di Giuseppe Cocchiara$gtraduzione di Carlo Cignetti 205 $a2. ed 210 $aTorino$cEinaudi$d1971 215 $axxvi, 463 p.$d18 cm 225 1 $aNuova universale Einaudi$v69 300 $aContiene indice analitico 454 0$12001$a<>mentalité primitive$918672 610 0 $aEtnologia$aTeoria 610 0 $aPopoli senza scrittura$aMentalità 610 0 $aPopoli senza scrittura$aPsicologia 676 $a305.800 1 676 $a155.81 676 $a306.01 700 1$aLévy-Bruhl,$bLucien$f<1857-1939>$031295 702 1$aCocchiara,$bGiuseppe$f<1904-1965> 801 0$aIT$bUNINA$gRICA$2UNIMARC 901 $aBK 912 $a990003757990403321 952 $aSDI-KS 191$bs.i.$fSDI 952 $a306.01 LVB 1$b12178$fBFS 959 $aBFS 959 $aSDI 996 $aMentalité primitive$918672 997 $aUNINA LEADER 00924nam0-22003131i-450 001 990007952010403321 005 20250711115338.0 010 $a0-86377-302-8 035 $a000795201 035 $aFED01000795201 035 $a(Aleph)000795201FED01 100 $a20041117d1993----km-y0itay50------ba 101 0 $aeng 102 $aGB 105 $aa-------001yy 200 1 $aCognitive models of speech processing$ethe second Sperlonga meeting$fedited by Gerry T. M. Altmann, Richard Shillcock 210 $aHove$cErlbaum$dc1993 215 $aXIV, 531 p.$cill.$d24 cm 610 0 $aPsicolinguistica 676 $a401.9 702 1$aAltmann,$bGerry T. M. 702 1$aShillcock,$bRichard 801 0$aIT$bUNINA$gRICA$2UNIMARC 901 $aBK 912 $a990007952010403321 952 $a401.45 ALTM 01$b2025/2867$fFLFBC 959 $aFLFBC 996 $aCognitive models of speech processing$9747060 997 $aUNINA